|
|
|
|
| LEADER |
00000nab a2200000 a 4500 |
| 001 |
vtls000556509 |
| 003 |
SK-MaSNL |
| 005 |
20260303164347.0 |
| 008 |
150501c1995 xo 0 slo |
| 015 |
|
|
|a SNBRB19rr/mm-uuuuu
|
| 035 |
|
|
|a CL0556647
|
| 040 |
|
|
|a SNKBUCL
|b slo
|c SNKBUCL
|e AACR2
|
| 041 |
0 |
|
|a slo
|
| 044 |
|
|
|a xo
|c SK
|
| 080 |
|
|
|a 655.413(437.6)
|2 1981
|
| 100 |
1 |
|
|a Mikluščinová, Katarína
|4 aut
|9 855790
|
| 245 |
1 |
0 |
|a Vydavateľstvo nekomerčnej literatúry
|c Katarína Mikluščinová, Katarína Kenížová-Bednárová
|
| 300 |
|
|
|b Fotogr. 1
|
| 650 |
0 |
7 |
|a CAUSA editio, Bratislava
|2 snkbucl
|9 1189853
|
| 655 |
|
7 |
|a články z novín a časopisov
|2 snkbucl
|9 267496
|
| 655 |
|
7 |
|a články z odboru knihovníctvo
|2 snkbucl
|9 166141
|
| 700 |
1 |
|
|a Bednárová, Katarína,
|d 1954-
|4 aut
|9 156018
|
| 773 |
0 |
|
|t Knižná revue
|g Roč. 5, č. 10 (1995), s. 6
|x 1210-1982
|
| 850 |
|
|
|a Slovenská národná knižnica v Martine
|a MTA001
|
| 852 |
|
|
|a SNK
|b KIS3GCP
|
| 958 |
|
|
|a RK
|
| 958 |
|
|
|a KL
|
| 958 |
|
|
|a SK
|
| 992 |
|
|
|a RBX
|
| 999 |
|
|
|c 2064751
|d 2066681
|